000 00214nam a2200097Ia 4500
008 190216s9999||||xx |||||||||||||| ||und||
100 _aUllatil Govindan Nair
245 0 _aNisheethini
260 _bNull
942 _cBK
999 _c23726
_d23726